000
00271nam a22001217a 4500
008
180913b xxu||||| |||| 00| 0 eng d
041
_a
eng
080
_2
5 ED
_a
510
100
_a
37
101
_a
MA\T
245
_a
College Algebra Trigometry
_c
Lial.H
942
_2
udc
_c
BK
999
_c
47740
_d
47740